000 00750cam a22002651 4500
999 _c21698
_d21698
001 15690822
003 BDDh-ASL
005 20231015030029.0
008 090407s1965 pk a 000 0 eng
010 _asa 65010285
040 _aDLC
_cDLC
_dDLC
_dBDDh-ASL
050 0 0 _aDS384
_b.D55
082 _a954.7
_bDIP
100 1 _aDil, Anwar S.
_eed.
245 1 0 _aPerspectives on Pakistan /
_cEdited by anwar s. Dil.
250 _a[1st ed.]
260 _aAbbottabad :
_bBookservice,
_c1965.
300 _axi, 224 p. :
_billus.
_c24 cm.
490 0 _aPakistan studies series,
_v1
651 0 _aPakistan.
906 _a7
_bcbc
_cpremver
_d3
_encip
_f19
_gy-gencatlg
942 _2ddc
_cBK